[Event "Kemerovo-ch"]
[Site "Kemerovo"]
[Date "2014.04.13"]
[Round "4"]
[White "Akentjev, Oleg"]
[Black "Riabov, Alexander"]
[Result "0-1"]
[WhiteElo "1823"]
[BlackElo "2071"]
[PlyCount "56"]
[EventDate "2014.04.02"]
[EventType "swiss"]
[EventRounds "9"]
[EventCountry "RUS"]
[SourceTitle "CBM 160 Extra"]
[Source "ChessBase"]
[SourceDate "2014.07.01"]
[SourceVersion "1"]
[SourceVersionDate "2014.07.01"]
[SourceQuality "1"]

1. e4 c5 2. f4 d6 3. Nf3 Nc6 4. Bb5 Bd7 5. b3 Nf6 6. Nc3 g6 7. Bb2 Bg7 8. 0-0 Nxe4 9. Qe2 Nxc3 10. dxc3 0-0 11. Rae1 e6 12. Ng5 Qa5 13. Bxc6 bxc6 14. Qd3 d5 15. a4 Qb6 16. Kh1 c4 17. Qd1 cxb3 18. cxb3 c5 19. Ba3 Bxc3 20. Re3 Bg7 21. Rh3 h6 22. Nf3 e5 23. Rh4 e4 24. Ne5 Be6 25. Qc2 Rac8 26. Bb2 Rb8 27. Ng4 Bxg4 28. Rxg4 Qxb3 0-1

[Event "Kemerovo Region-ch"]
[Site "Kemerovo"]
[Date "2013.10.21"]
[Round "5"]
[White "Akentjev, Oleg"]
[Black "Surunov, Arseniy"]
[Result "1/2-1/2"]
[WhiteElo "1827"]
[BlackElo "1694"]
[PlyCount "76"]
[EventDate "2013.10.18"]
[EventType "swiss"]
[EventRounds "9"]
[EventCountry "RUS"]
[SourceTitle "EXT 2014"]
[Source "ChessBase"]
[SourceDate "2013.11.20"]
[SourceVersion "1"]
[SourceVersionDate "2013.11.20"]
[SourceQuality "1"]

1. f4 Nf6 2. Nf3 g6 3. Nc3 Bg7 4. e4 d6 5. d4 0-0 6. Bc4 Re8 7. 0-0 e6 8. e5 Nfd7 9. d5 Nf8 10. Ng5 h6 11. dxe6 fxe6 12. Nf3 d5 13. Bd3 c5 14. b3 a6 15. a4 Nc6 16. Ba3 Qb6 17. a5 Qxa5 18. Na4 Nb4 19. Qe1 Bd7 20. Nb2 Qb6 21. Kh1 a5 22. Qg3 Nxd3 23. Nxd3 c4 24. bxc4 dxc4 25. Nc5 Bc6 26. Nh4 Kh7 27. Rae1 Rad8 28. Ne4 Qd4 29. Bc5 Qxe4 30. Rxe4 Bxe4 31. Qc3 b5 32. Qxa5 Bxc2 33. Qxb5 Bd3 34. Re1 Rb8 35. Qa6 Nd7 36. Be3 Nf8 37. Bc5 Nd7 38. Be3 Nf8 1/2-1/2

[Event "Kemerovo Kuzbass-ch"]
[Site "Kemerovo"]
[Date "2012.11.27"]
[Round "6"]
[White "Akentjev, Oleg"]
[Black "Kosheparova, Tatiana"]
[Result "0-1"]
[WhiteElo "1835"]
[BlackElo "1936"]
[PlyCount "60"]
[EventDate "2012.11.23"]
[EventType "swiss"]
[EventRounds "9"]
[EventCountry "RUS"]
[SourceTitle "CBM 151 Extra"]
[Source "ChessBase"]
[SourceDate "2012.12.18"]
[SourceVersion "1"]
[SourceVersionDate "2012.12.18"]
[SourceQuality "1"]

1. e4 c5 2. Bc4 e6 3. Nc3 Nc6 4. a4 a6 5. Nf3 Nf6 6. e5 d5 7. exf6 dxc4 8. fxg7 Bxg7 9. Ne4 Qd5 10. Nc3 Qf5 11. Ne2 Nb4 12. d3 cxd3 13. Ng3 Qd5 14. 0-0 Nxc2 15. Rb1 0-0 16. Ng5 h6 17. N5e4 b5 18. Bxh6 f5 19. Bxg7 Kxg7 20. Nh5+ Kf7 21. Nhf6 Qd4 22. Qh5+ Ke7 23. Qh7+ Rf7 24. Ng8+ Kf8 25. Qg6 fxe4 26. Nh6 Rg7 27. Qh5 Qd5 28. Qh4 Qg5 29. Qxe4 Bb7 30. f4 Qxh6 0-1

[Event "Kemerovo Kuzbass-ch"]
[Site "Kemerovo"]
[Date "2012.11.26"]
[Round "4"]
[White "Akentjev, Oleg"]
[Black "Popenko, Igor"]
[Result "0-1"]
[WhiteElo "1835"]
[BlackElo "1790"]
[PlyCount "40"]
[EventDate "2012.11.23"]
[EventType "swiss"]
[EventRounds "9"]
[EventCountry "RUS"]
[SourceTitle "CBM 151 Extra"]
[Source "ChessBase"]
[SourceDate "2012.12.18"]
[SourceVersion "1"]
[SourceVersionDate "2012.12.18"]
[SourceQuality "1"]

1. f4 d5 2. Nf3 Nf6 3. e3 e6 4. b3 Be7 5. Bb2 0-0 6. Be2 c5 7. 0-0 Nc6 8. Qe1 b6 9. Qg3 Qc7 10. d3 Rd8 11. Nbd2 Bb7 12. h3 Kf8 13. Nh2 d4 14. e4 Bd6 15. Qh4 h6 16. e5 Nxe5 17. fxe5 Bxe5 18. Ng4 Bg3 19. Nxf6 Bxh4 20. Nh7+ Kg8 0-1

[Event "Kemerovo op"]
[Site "Kemerovo"]
[Date "2011.07.29"]
[Round "7"]
[White "Lapenko, Andrey"]
[Black "Akentjev, Oleg"]
[Result "0-1"]
[WhiteElo "1660"]
[BlackElo "1845"]
[PlyCount "76"]
[EventDate "2011.07.25"]
[EventType "swiss"]
[EventRounds "9"]
[EventCountry "RUS"]
[SourceTitle "EXT 2012"]
[Source "ChessBase"]
[SourceDate "2011.11.24"]
[SourceVersion "1"]
[SourceVersionDate "2011.11.24"]
[SourceQuality "1"]

1. e4 e5 2. Nf3 Nc6 3. d4 exd4 4. Nxd4 Qf6 5. Nxc6 dxc6 6. Bc4 Qg6 7. 0-0 Bg4 8. Qd3 Bd6 9. e5 Bf5 10. Qb3 b5 11. Bxf7+ Qxf7 12. Qxf7+ Kxf7 13. exd6 cxd6 14. Bf4 Rd8 15. c3 Nf6 16. Nd2 d5 17. Nf3 Nd7 18. Nd4 Bd3 19. Nxc6 Rc8 20. Nxa7 Ra8 21. Rad1 Bc2 22. Rxd5 Rxa7 23. Rxb5 Re8 24. b3 Rxa2 25. Rc1 Ra3 26. Rb7 Bf5 27. h3 h5 28. b4 Re4 29. Be3 Rc4 30. Bd4 g6 31. b5 Rb3 32. b6 Ke6 33. Ra1 Kd6 34. Ra6 Nc5 35. Bxc5+ Rxc5 36. Rb8 Kc6 37. Rf8 Kb7 38. Rf6 Kxa6 0-1

[Event "Kemerovo op"]
[Site "Kemerovo"]
[Date "2010.07.31"]
[Round "8"]
[White "Kneita, Arunas"]
[Black "Akentjev, Oleg"]
[Result "1-0"]
[WhiteElo "2080"]
[BlackElo "1847"]
[PlyCount "60"]
[EventDate "2010.07.26"]
[EventType "swiss"]
[EventRounds "9"]
[EventCountry "RUS"]
[SourceTitle "EXT 2011"]
[Source "ChessBase"]
[SourceDate "2010.11.26"]
[SourceVersion "1"]
[SourceVersionDate "2010.11.26"]
[SourceQuality "1"]

1. Nf3 b6 2. e3 e6 3. c4 Bb7 4. d4 Nf6 5. Nc3 Be7 6. Be2 d6 7. 0-0 Nbd7 8. d5 e5 9. e4 Bc8 10. Qc2 h6 11. h3 Nf8 12. Be3 g5 13. b4 g4 14. hxg4 Nxg4 15. Bd2 Ng6 16. Ne1 h5 17. f3 Nf6 18. Nd3 Rg8 19. Kf2 Ba6 20. Qa4+ b5 21. Qxa6 bxc4 22. Qxc4 Nh4 23. g3 Ng6 24. Nb5 Kf8 25. Bh6+ Rg7 26. Qxc7 Qxc7 27. Nxc7 Rb8 28. Rh1 Bd8 29. Rac1 Kg8 30. Bxg7 Kxg7 1-0

[Event "Kemerovo op"]
[Site "Kemerovo"]
[Date "2010.07.29"]
[Round "5"]
[White "Akentjev, Oleg"]
[Black "Tunik, Sergey"]
[Result "0-1"]
[WhiteElo "1847"]
[BlackElo "1963"]
[PlyCount "66"]
[EventDate "2010.07.26"]
[EventType "swiss"]
[EventRounds "9"]
[EventCountry "RUS"]
[SourceTitle "EXT 2011"]
[Source "ChessBase"]
[SourceDate "2010.11.26"]
[SourceVersion "1"]
[SourceVersionDate "2010.11.26"]
[SourceQuality "1"]

1. e4 e6 2. f4 b6 3. Nf3 Bb7 4. Nc3 Bb4 5. Bd3 d5 6. e5 Nh6 7. Ne2 Nc6 8. c3 Bc5 9. b4 Be7 10. 0-0 d4 11. b5 Na5 12. c4 c5 13. Qe1 Nf5 14. Bb2 0-0 15. Rc1 a6 16. a4 axb5 17. axb5 Nb3 18. Rb1 Ra2 19. Qd1 Na5 20. Ng3 Nxg3 21. hxg3 Qa8 22. Kf2 Be4 23. Qc2 f5 24. exf6 Bxd3 25. Qxd3 Bxf6 26. Rh1 g6 27. Nh4 Bxh4 28. Rxh4 e5 29. Rbh1 e4 30. Qb1 Nxc4 31. Rxh7 Rxb2 32. Qc1 Rxd2+ 33. Ke1 Qa2 0-1

[Event "Kemerovo op"]
[Site "Kemerovo"]
[Date "2009.10.21"]
[Round "7"]
[White "Akentjev, Oleg"]
[Black "Burmakin, Evgeniy"]
[Result "0-1"]
[WhiteElo "1856"]
[BlackElo "2227"]
[PlyCount "58"]
[EventDate "2009.10.16"]
[EventType "swiss"]
[EventRounds "9"]
[EventCountry "RUS"]
[SourceTitle "EXT 2010"]
[Source "ChessBase"]
[SourceDate "2010.11.25"]
[SourceVersion "1"]
[SourceVersionDate "2010.11.25"]
[SourceQuality "1"]

1. e4 e5 2. Nf3 Nc6 3. Bc4 Nf6 4. Nc3 Nxe4 5. Bxf7+ Kxf7 6. Nxe4 d5 7. Neg5+ Kg8 8. d3 h6 9. Nh3 Bd6 10. Qe2 Kh7 11. Bd2 Rf8 12. 0-0-0 Qf6 13. Nhg1 Bg4 14. h3 Nd4 15. Qe3 Bxf3 16. gxf3 Nxf3 17. Qe2 Nd4 18. Qg4 Qxf2 19. h4 Qf5 20. Qg2 e4 21. Nh3 exd3 22. c3 Ne2+ 23. Kb1 Qf3 24. Ng5+ hxg5 25. Qxg5 Rf5 26. Qe3 Qxe3 27. Bxe3 Rf3 28. Bd2 Raf8 29. h5 Ng3 0-1

[Event "Kemerovo op"]
[Site "Kemerovo"]
[Date "2009.10.16"]
[Round "1"]
[White "Akentjev, Oleg"]
[Black "Cheremnova, Tamara"]
[Result "0-1"]
[WhiteElo "1856"]
[BlackElo "2155"]
[PlyCount "48"]
[EventDate "2009.10.16"]
[EventType "swiss"]
[EventRounds "9"]
[EventCountry "RUS"]
[SourceTitle "EXT 2010"]
[Source "ChessBase"]
[SourceDate "2010.11.25"]
[SourceVersion "1"]
[SourceVersionDate "2010.11.25"]
[SourceQuality "1"]

1. e4 e5 2. Nf3 Nc6 3. Bc4 Bc5 4. d3 Nf6 5. Nc3 a6 6. a3 h6 7. Ne2 d5 8. exd5 Nxd5 9. h3 b5 10. Ba2 Bb6 11. 0-0 0-0 12. Ng3 Be6 13. Bd2 f5 14. Qc1 e4 15. dxe4 fxe4 16. Nxe4 Rxf3 17. gxf3 Nd4 18. Qd1 Qf8 19. f4 Rd8 20. c3 Nxf4 21. Bxe6+ Ndxe6 22. Qg4 h5 23. Qf3 Rd3 24. Qd1 Qf5 0-1

[Event "Kemerovo-ch"]
[Site "Kemerovo"]
[Date "2009.03.21"]
[Round "8"]
[White "Ilenko, Aleksei"]
[Black "Akentjev, Oleg"]
[Result "1-0"]
[WhiteElo "1991"]
[BlackElo "1881"]
[PlyCount "51"]
[EventDate "2009.03.16"]
[EventType "swiss"]
[EventRounds "9"]
[EventCountry "RUS"]
[SourceTitle "EXT 2010"]
[Source "ChessBase"]
[SourceDate "2010.11.25"]
[SourceVersion "1"]
[SourceVersionDate "2010.11.25"]
[SourceQuality "1"]

1. d4 Nf6 2. Nf3 g6 3. c4 Bg7 4. Nc3 d6 5. e4 Nbd7 6. Be2 a6 7. h3 Nf8 8. Be3 Ne6 9. 0-0 h6 10. Qd2 Bd7 11. b4 g5 12. d5 Nf8 13. Nh2 Ng6 14. c5 Rg8 15. Rac1 Nf4 16. Bxf4 gxf4 17. Qxf4 Bxh3 18. gxh3 Qd7 19. Kh1 Qxh3 20. Qg3 Qd7 21. cxd6 cxd6 22. b5 h5 23. bxa6 bxa6 24. Bd1 Kf8 25. Ba4 h4 26. Qxg7+ 1-0